| 000 | 00632nam a22002052 4500 | ||
|---|---|---|---|
| 001 | 0000003576 | ||
| 005 | 20151217154341.0 | ||
| 008 | 070510s xx 000 0 eng d | ||
| 020 |
_a0132286211 : _cGBP 52.99 |
||
| 040 |
_aKABU _cKABU |
||
| 050 | 0 |
_aLB1139.25 _b.M67 2007 |
|
| 100 | 1 |
_aMorrison, George S. _@0000153584 |
|
| 245 | 1 | 0 | _aEarly childhood education today. |
| 260 |
_aUpper River, NJ : _bPearson Prentice Hall, _c2007. |
||
| 300 | _axxvi, 566 p. | ||
| 650 | 0 |
_aEarl childhood education _zUnited States. _@0000153585 |
|
| 908 | _a070510 | ||
| 950 | _@1 | ||
| 999 |
_c10686 _d10686 |
||